Statystyki dla Miasta województwa kujawsko-pomorskiego A-Z

Kliknij tutaj aby rozwiązać quiz!

Ogólne statystyki

  • Ten quiz został rozwiązany 46 razy
  • Średni wynik to 13 z 19

Statystyki odpowiedzi

HintOdpowiedź% Poprawnych
BBarcin | Brodnica | Brześć Kujawski | +2
100%
GGniewkowo | Golub-Dobrzyń | Górzno | +2
97%
TToruń | Tuchola
95%
AAleksandrów Kujawski
92%
IInowrocław | Izbica Kujawska
92%
WWąbrzeźno | Więcbork | Włocławek
92%
CChełmno | Chełmża | Chodecz | +1
84%
NNakło nad Notecią | Nieszawa | Nowe
74%
ŻŻnin
71%
ŚŚwiecie
68%
LLipno | Lubień Kujawski | Lubraniec
63%
RRadziejów | Radzyń Chełmiński | Rypin
63%
KKamień Krajeński | Kcynia | Koronowo | +4
61%
MMogilno | Mrocza
58%
SSępólno Krajeńskie | Skępe | Solec Kujawski | +2
55%
JJabłonowo Pomorskie | Janikowo | Janowiec Wielkopolski
45%
ŁŁabiszyn | Łasin
37%
PPakość | Piotrków Kujawski | Pruszcz
37%
DDobrzyń nad Wisłą
34%

Rozkład punktacji

Percentyl według liczby udzielonych odpowiedzi

Procent ludzi z każdym wynikiem

Twoja historia wyników

Nie rozwiązałeś tego quizu